| 000 | 00618nam a2200217 a 4500 | ||
|---|---|---|---|
| 001 | 19947 | ||
| 003 | CO-ViMGA | ||
| 008 | 141112s2004 ck r 000 u spa d | ||
| 020 | _a8495114488 | ||
| 040 |
_aCO-ViMGA _bspa _cCO-ViMGA |
||
| 082 | 0 | 4 | _a793.87 C653f |
| 100 | 1 |
_aComes, Monserrat (et al) _928956 |
|
| 245 | 1 | 0 | _aFichero. Juegos malabares |
| 260 |
_aBarcelona : _bINDE, _c2000 |
||
| 300 | _a107 p. | ||
| 590 | _aForma de adquisición : Premio Mincultura | ||
| 650 | 1 | 4 |
_aMALABARISTA - ENSEÑANZA _928957 |
| 650 | 1 | 4 |
_aTECNICAS DE ENSEÑANZA _926973 |
| 650 | 1 | 4 |
_aTRUCOS - ENSEÑANZA _928958 |
| 942 |
_2ddc _cBK |
||
| 999 |
_c29068 _d29068 |
||